00820nam a2200181 a 450000100100000000500170001000800410002704000250006808200150009310000490010824500570015726000480021430000210026204900090028395201630029295201660045599900170062100001780320240306073908.0100406s1938 dr 000 0 spa d aDO-SdBNPbspacBNPHU axxxbT853b1 aTroncoso Sánchez, Pedro,d1904-198992359910aBosquejos filosóficos /cPedro Troncoso Sánchez. aCiudad Trujillo :bEditora Montalvo,c1938. a219 p. ;c20 cm. aBNPD 0010718PDaPDbPDcCTd2010-04-06iLF1l0oxxx T853bp17803-10r2020-06-25w2020-06-25yLFPDzPerteneció a la colección de Martínez BoogZNo se presta 0010718PDaPDbPDcCTd2011-06-09iLF1l0oxxx T853bp17803-20r2020-06-25te. 2w2020-06-25yLFPDzPerteneció a la colección Martínez BoogZNo se presta c17328d17328